000 00720nam a2200241 i 4500
999 _c171000
_d171000
001 C2-0236378
003 PPAK
005 20190204104919.0
008 011004t19982007my |||| ||||| | may d
020 _qpaperback
040 _aPPAK
_beng
_cPPAK
_erda
082 0 4 _a297.577
_223
090 0 0 _a297.577
_bMOD
_dG
245 0 0 _aMODUL KELUARGA SAKINAH :
_bModul /
_n 2, 3, 4, 5, 6, 7, 8, 9, & 10 /
264 1 _aJohor Bahru, Johor :
_bYayasan Pembangunan Keluarga Darul Ta'zim ,
_c1998
264 4 _c©2007
300 _axxiii, 288 pages ;
_c21 cm
336 _2rdacontent
_atext
337 _2rdamedia
_aunmediated
338 _2rdacarrier
_avolume
650 1 0 _aFamily
_vReligious aspects
_xIslam
942 _cB
_2ddc